000 01465nam a22003857a 4500
001 6192
003 FISKH
005 20250703090737.0
008 250327b cb ||||| |||| 00| 0 eng d
020 _a0590522906
040 _aDLC
_cDLC
_dDLC
_beng
050 _aRK63 .K38
082 _a617.67
100 1 _aKatz, Bobbi
_d(1933-)
245 1 0 _aMake way for tooth decay /
_cby Bobbi Katz ; illustrated by Steve Björkman
250 _aThis edition first published in 1999
260 _aNew York :
_bScholastic,
_c1999.
300 _a29 pages :
_bcolor illustrations ;
_c23 cm.
490 1 _aHello reader! Science--Level 3
505 _aJ
520 _aIn rhyming verse, bacteria describe how they live in the mouth and cause plaque, cavities, and other problems.
521 _a470
_bLexile
521 _aJ
_bRaz-Plus
650 0 _aDental caries
_xJuvenile literature.
650 0 _aBacteria
_xJuvenile literature.
650 0 _aTeeth
_xCare and hygiene
_xJuvenile literature.
650 0 _aMouth
_xCare and hygiene
_xJuvenile literature.
700 1 _aBjörkman, Steve
_eillustrator
830 0 _aHello science reader!
_nLevel 3.
856 4 2 _3Publisher description
_uhttp://www.loc.gov/catdir/enhancements/fy1203/98022397-d.html
856 4 2 _3Contributor biographical information
_uhttp://www.loc.gov/catdir/enhancements/fy1301/98022397-b.html
906 _a7
_bcbc
_corignew
_d1
_eocip
_f19
_gy-gencatlg
942 _2ddc
_cBK
_n0
999 _c6192
_d6192